|
|
|
|
| LEADER |
00000cam a2200000 a 4500 |
| 001 |
vtls001116373 |
| 003 |
SK-MaSNL |
| 005 |
20260301104738.0 |
| 008 |
250313s1979 xo f 000 0 slo |
| 015 |
|
|
|a SNBA1979
|
| 035 |
|
|
|a SNK000059216
|
| 035 |
|
|
|a urn:nbn:sk:snk-amju9b
|
| 035 |
|
|
|a urn:nbn:sk:snk-am007y66
|
| 035 |
|
|
|a 70F1F07A-A4BF-4922-8258-527CFE3A93F3
|
| 040 |
|
|
|a SNK
|b slo
|c SNK
|e AACR2
|
| 041 |
0 |
|
|a slo
|
| 043 |
|
|
|a e-pl---
|
| 044 |
|
|
|a xo
|c SK
|
| 100 |
1 |
|
|a Kožíšek, Karol
|4 aut
|9 443941
|
| 245 |
1 |
0 |
|a Jaslo - zrod bojovej slávy
|c Karol Kožíšek ; fotogr.: Jiří Šlapák
|
| 260 |
|
|
|a Bratislava
|b Pressfoto
|c 1979
|
| 300 |
|
|
|a 10 s.
|b fotogr.
|c 30 cm
|
| 366 |
|
|
|e 3000 výt.
|
| 500 |
|
|
|a Voľné listy v prebale
|
| 610 |
1 |
7 |
|a Československo.
|b Armáda.
|b Československý armádny zbor, 1
|2 SNKKA
|9 175242
|
| 650 |
0 |
7 |
|a delostrelectvo
|2 SNKPH
|9 78566
|
| 650 |
0 |
7 |
|a druhá svetová vojna (1939-1945)
|2 SNKPH
|9 169657
|
| 655 |
|
7 |
|a fotografické publikácie
|2 SNKPH
|9 70483
|
| 700 |
1 |
|
|a Šlapák, Jiří
|4 pht
|9 443942
|
| 852 |
|
|
|a Slovenská národná knižnica
|
| 958 |
|
|
|a OND
|
| 958 |
|
|
|a BQ
|
| 958 |
|
|
|a TL
|
| 999 |
|
|
|c 699019
|d 700949
|
| 952 |
|
|
|a SNK
|b SNK
|y PREZ
|7 0
|p 17A0971967
|o snkSB 28347
|i snkKSP 4471/79
|0 0
|1 0
|4 0
|d 2014-08-06
|f 1
|l 0
|r 2025-04-02 00:00:00
|w 2026-02-23
|